000 01053nas a2200325 4500
001 BR2022000554
003 BR-BrBNA
005 20231205132255.0
007 ta
008 230509b bl.|||p| |||| 00| 00por d
040 _aBR-BrBNA
_bpor
_cBiblioteca Nacional de Agricultura
041 _a(En)
072 _aF02
100 1 _aAvelar, M.L.M.
100 1 _aMoscardini, B.A.
100 1 _aSouza, D.M.S.C.
100 1 _aMolinari, L.V.
100 1 _aGonçalves, D.S.
100 1 _aFaria, J.C.T.
100 1 _aBrondani, G.E.
245 1 _aOntogenetic age and inoculation methods for the in vitro establishment of Eucalyptus pilularis Smith
650 _aEUCALIPTO
650 _aRADIAÇÃO LUMINOSA
650 _aOXIDAÇÃO
650 _aTECIDO
773 0 _tNativa. Pesquisas Agrárias e Ambientais (Brazil)
_xISSN 2318-7670
_g(2022), v. 10(1) p. 40-46
_wBR2022000554
856 4 0 _uhttps://periodicoscientificos.ufmt.br/ojs/index.php/nativa/article/view/12996/10579
909 _a202311
_bLúcia
_c55
_dLúcia Elande
942 _2AGRIS
_n0
_cANA
999 _c259422
_d259422